Loading...
| Fine Arts - Auditory Fine Arts | 4 | 12.50 | 75% | 50% | 0% |
| Fine Arts - Other Fine Arts | 5 | 6.00 | 60% | 0% | 0% |
| Fine Arts - Visual Fine Arts | 5 | 8.00 | 40% | 40% | 0% |
| Geography | 1 | 0.00 | 0% | 0% | 0% |
| History - American History | 3 | 10.00 | 100% | 0% | 0% |
| History - European History | 5 | 6.00 | 60% | 0% | 0% |
| History - Other History | 3 | 10.00 | 100% | 0% | 0% |
| History - World History | 5 | 12.00 | 100% | 20% | 0% |
| Literature - American Literature | 3 | 16.67 | 100% | 67% | 0% |
| Literature - British Literature | 5 | 12.00 | 100% | 20% | 0% |
| Literature - European Literature | 3 | 13.33 | 33% | 67% | 33% |
| Literature - World Literature | 2 | 10.00 | 100% | 0% | 0% |
| Mythology | 3 | 13.33 | 100% | 33% | 0% |
| Other Academic | 1 | 10.00 | 100% | 0% | 0% |
| Philosophy | 2 | 10.00 | 100% | 0% | 0% |
| Religion | 4 | 12.50 | 75% | 50% | 0% |
| Science - Biology | 3 | 10.00 | 100% | 0% | 0% |
| Science - Chemistry | 8 | 7.50 | 75% | 0% | 0% |
| Science - Other Science | 7 | 7.14 | 71% | 0% | 0% |
| Science - Physics | 4 | 10.00 | 75% | 25% | 0% |
| Social Science | 2 | 10.00 | 100% | 0% | 0% |